Cuentos para despues de hacer el amor / (Registro nro. 58543)

Detalles MARC
000 -CABECERA
Longitud fija campo de control 01009nam a2200313 a 4500
003 - • IDENTIFICADOR DELl NÚMERO DE CONTROL
Identificador del número de control CO-BoRNBP
005 - • FECHA Y HORA DE LA ÚLTIMA TRANSACCIÓN
Fecha y hora de la última transacción 20250826165835.0
007 - • CAMPO FIJO DE DESCRIPCIÓN FÍSICA
Campo fijo de descripción física ta
008 - • CÓDIGOS DE INFORMACIÓN DE LONGITUD FIJA
Códigos de información de longitud fija 990914s1998 ck gr 000 j spa
020 ## - • NÚMERO INTERNACIONAL NORMALIZADO PARA LIBROS
Número Internacional Normalizado para Libros (ISBN) 95814340005X
020 ## - • NÚMERO INTERNACIONAL NORMALIZADO PARA LIBROS
Número Internacional Normalizado para Libros (ISBN) 9789581434008
040 ## - FUENTE DE LA CATALOGACIÓN
Centro catalogador de origen CO-BoBN
Lengua de catalogación spa
Centro transcriptor 0
082 04 - • NÚMERO DE LA CLASIFICACIÓN DECIMAL DEWEY
Número de clasificación (R) 813.44
Número de edición 20
084 ## - • Clasificación Local Alfanúmerica PNLB
Número de clasificación C AGU3
100 1# - • PUNTO DE ACCESO PRINCIPAL-NOMBRE DE PERSONA
Nombre de persona Aguilera Garramuño, Marco Tulio,
Fechas asociadas al nombre 1949-
245 10 - • TITULO PROPIAMENTE DICHO
Título Cuentos para despues de hacer el amor /
Mención de responsabilidad, etc. Marco Tulio Aguilera Garramuño
250 ## - • MENCIÓN DE EDICIÓN
Mención de edición 3a. ed. colombiana
300 ## - • DESCRIPCIÓN FÍSICA
Extensión 211 p. ;
Dimensiones 21 cm
336 ## - TIPO DE CONTENIDO
Fuente rdacontent
Término de tipo de contenido texto
Código de tipo de contenido txt
337 ## - TIPO DE MEDIO
Fuente rdamedia
Nombre del tipo de medio sin mediación
Código del tipo de medio n
338 ## - TIPO DE SOPORTE
Fuente rdacarrier
Nombre del tipo de soporte volumen
Código del tipo de soporte nc
650 ## - • PUNTO DE ACCESO ADICIONAL DE MATERIA - TÉRMINO DE MATERIA
Término de materia o nombre geográfico como elemento inicial Literatura erótica
Fuente del encabezamiento o término LEMB
650 ## - • PUNTO DE ACCESO ADICIONAL DE MATERIA - TÉRMINO DE MATERIA
Término de materia o nombre geográfico como elemento inicial Novela colombiana
Subdivisión cronológica Siglo XX
Fuente del encabezamiento o término LEMB
930 ## - EQUIVALENCIA O SECCIÓN-REFERENCIA-TÍTULO ENCABEZAMIENTO UNIFORME [LOCAL, CANADA]
T&íacute;tulo uniforme cjo
942 ## - ENTRADA DE ELEMENTOS AGREGADOS (KOHA)
Fuente de clasificaión o esquema Dewey Decimal Classification
Koha [por defecto] tipo de item LIbro
949 ## - TRATAMIENTO DE LA INFORMACIÓN LOCAL (OCLC)
a A 16287
m D.SAMPER
l LIB/MODER
k LIB/MODER
t LIBRO
x DEP/LEGAL
z GENERAL
r Y
s Y
949 ## - TRATAMIENTO DE LA INFORMACIÓN LOCAL (OCLC)
a PA 10951
m PRESERVACI
l PRESERVACI
k PRESERVACI
t LIBRO
x DEP/LEGAL
z PRESERVACI
r Y
s Y
Existencias
Perdido Fuente de clasificación o esquema Estado Físico No para préstamo Forma de adquisición Localización permanente Localización actual Localización en estanterías Fecha adquisición Préstamos totales Signatura completa Código de barras Fecha última consulta Número de copia Fecha del precio de reemplazo Tipo de item de Koha
  Clasificación Local Facetada     Colección General Biblioteca Pública San Juanito - Ernesto Maria Peña Romero Biblioteca Pública San Juanito - Ernesto Maria Peña Romero Literatura 08/26/2025   C AGU3 SJU01807 08/26/2025 Ej.1 08/26/2025 Libro Literatura









Instituto Departamental de Cultura del Meta - Red Departamental de Bibliotecas Públicas del Meta.